01405 a2200193 45000010006000000050017000060080041000230030015000640400040000790800033001192450045001522500012001972640028002093000026002375050886002630410008011491000030011577000024011875001420260407155800.0260407a1968 arg spa dAR-UNSa-BCEJYS aAR-UNSa-BCEJYSbspacAR-UNSa-BCEJYS a517xAnálisis Matemático10aAnálisis matemático para economistas a8a. ed. 1aMadrid :bAguilarc1968 axxiii, 548 p.c21 cm. a1. Números y variables - 2. Funciones: su representación gráfica - 3. Geometría analítica elemental - 4. Límites y continuidad de las funciones - 5. Funciones y diagramas en la teoría económica - 6. Derivadas y su interpretación - 7. La técnica de la derivación - 8. Aplicaciones de las derivadas - 9. Funciones exponencial y logarítmica - 10. Derivación logarítmica - 11. Funciones de dos o más variables - 12. Derivadas parciales y sus aplicaciones - 13. Diferenciales y diferenciación - 14. Problemas de máximo y mínimo - 15. Integrales de funciones de una variable - 16. Ecuaciones diferenciales - 17. Desarrollo en serie, fórmula de Taylor y diferenciales de orden superior - 18. Determinantes, ecuaciones lineales y formas cuadráticas - 19. Nuevos problemas de máximo y mínimos - 20. Algunos problemas de cálculo de variaciones.  aspa1 aAllen, Roy George Douglas1 aFigueroa, Emilio de